000 00431nam a2200181Ia 4500
001 1462
003 IN-NITTTR
005 20251114232915.0
008 251113s9999||||xx |||||||||||||| ||eng||
040 _beng
040 _cIN-NITTTR
041 _aeng
082 _a530 K846H
100 _aKoshkin, N.
245 0 _aHandbook of elementary physics. /
_cKoshkin, N., Shirkevich, M.
700 _a Shirkevich, M.
942 _2ddc
_cBK
999 _c1898
_d1898